000 00356 a2200169 4500
001 56772
020 _a8576662299
040 _cAnchieta - Pituba
100 _aGaldino, Luiz
240 1 0 _aREAPROVEITAR
_lpor
245 1 0 _aREAPROVEITAR
300 _a96
362 0 _a2005
440 1 _aEscala Educacional
650 4 _aLiteratura juvenil
942 _cBK
999 _c56772
_d56772